|
|
|
|
| LEADER |
00000nam a2200000 i 4500 |
| 001 |
1/78550 |
| 008 |
050610s2002 eng d |
| 020 |
|
|
|a 0-596-00041-3
|
| 035 |
|
|
|l 10078532
|
| 040 |
|
|
|a GR-MY-UA
|b gre
|e aacr
|
| 041 |
0 |
|
|a eng
|
| 082 |
0 |
|
|a 005.758
|2 (21)
|
| 100 |
1 |
|
|a Williams, Hugh E.
|
| 245 |
1 |
0 |
|a Web database applications with PHP and MySQL /
|c Hugh E. Williams and David Lane
|
| 260 |
|
|
|a Beijing :
|b O'Reilly,
|c c2002
|
| 300 |
|
|
|a xvi, 563 σ.;
|b εικ.;
|c 24 εκ.
|
| 504 |
|
|
|a Περιλαμβάνει ευρετήριο
|
| 650 |
0 |
0 |
|a Web databases
|x Design.
|
| 650 |
0 |
0 |
|a PHP (Computer program language)
|
| 650 |
0 |
0 |
|a SQL (Computer program language)
|
| 700 |
1 |
|
|a Lane, David
|q (David John)
|d 1964-
|
| 852 |
|
|
|a INST
|b CHIOS
|e 20050610
|h 005.758 HUG
|p 005200021662
|q 005200021662
|t BK
|y 0
|
| 901 |
|
|
|a BIBL2-2005-2
|
| 909 |
|
|
|a Χ
|b 118806
|
| 920 |
|
|
|a ΔΙΕΥΡΥΝΣΗ
|b ΕΠΕΑΕΚ-ΤΜΟΔ
|y ΧΙΟΣ
|z 2004-12
|
| 970 |
|
|
|a ΧΑΖΙΡΗ
|b ΑΝΝΑ
|z 2005/06/10
|